[Event "Turniej Blitza na II Lidze Juniorów 2018"]
[Site "Szczyrk, Poland"]
[Date "????.??.??"]
[Round "8.24"]
[White "Chodorowski, Adrian"]
[Black "Pyzio, Amelia"]
[Result "1-0"]
[TimeControl "3'+2\""]
[WhiteElo "1401"]
[BlackElo "1747"]

1. e4 {[%clk 00:03:03]} e5 {[%clk 00:03:04]} 2. f4 {[%clk 00:03:04]} {[%emt
00:00:02]} exf4 {[%clk 00:03:04]} {[%emt 00:00:02]} 3. Nf3 {[%clk 00:03:05]}
Ne7 {[%clk 00:03:04]} {[%emt 00:00:02]} 4. Bc4 {[%clk 00:03:06]} {[%emt
00:00:01]} Ng6 {[%clk 00:03:05]} {[%emt 00:00:02]} 5. O-O {[%clk 00:03:04]}
{[%emt 00:00:04]} c6 {[%clk 00:03:04]} {[%emt 00:00:02]} 6. d4 {[%clk
00:03:00]} {[%emt 00:00:06]} d5 {[%clk 00:03:00]} {[%emt 00:00:06]} 7. exd5
{[%clk 00:03:00]} {[%emt 00:00:02]} cxd5 {[%clk 00:03:01]} {[%emt 00:00:02]} 8.
Bb3 {[%clk 00:03:00]} {[%emt 00:00:01]} Nc6 {[%clk 00:02:57]} {[%emt 00:00:06]}
9. Ne5 {[%clk 00:03:00]} {[%emt 00:00:02]} Ncxe5 {[%clk 00:02:50]} {[%emt
00:00:09]} 10. dxe5 {[%clk 00:03:01]} Bc5+ {[%clk 00:02:46]} {[%emt 00:00:06]}
11. Kh1 {[%clk 00:03:01]} {[%emt 00:00:02]} Be6 {[%clk 00:02:41]} {[%emt
00:00:07]} 12. Bxf4 {[%clk 00:03:00]} {[%emt 00:00:04]} Nxf4 {[%clk 00:02:37]}
{[%emt 00:00:06]} 13. Rxf4 {[%clk 00:03:00]} Qg5 {[%clk 00:02:36]} {[%emt
00:00:03]} 14. Qf3 {[%clk 00:02:59]} {[%emt 00:00:03]} Qxe5 {[%clk 00:02:31]}
{[%emt 00:00:07]} 15. Nc3 {[%clk 00:02:59]} {[%emt 00:00:02]} Bd6 {[%clk
00:02:03]} {[%emt 00:00:30]} 16. Ba4+ {[%clk 00:02:59]} {[%emt 00:00:02]} Ke7
{[%clk 00:01:50]} {[%emt 00:00:15]} 17. g3 {[%clk 00:02:51]} {[%emt 00:00:10]}
a6 {[%clk 00:01:43]} {[%emt 00:00:09]} 18. Qf2 {[%clk 00:02:45]} {[%emt
00:00:07]} d4 {[%clk 00:01:39]} {[%emt 00:00:07]} 19. Re1 {[%clk 00:02:45]}
{[%emt 00:00:02]} Qa5 {[%clk 00:01:32]} {[%emt 00:00:09]} 20. Rxf7+ {[%clk
00:02:45]} {[%emt 00:00:02]} Kd8 {[%clk 00:01:30]} {[%emt 00:00:04]} 21. Rxe6
{[%clk 00:02:39]} {[%emt 00:00:08]} dxc3 {[%clk 00:01:27]} {[%emt 00:00:05]} 22.
Rxd6+ {[%clk 00:02:35]} {[%emt 00:00:06]} Kc8 {[%clk 00:01:22]} {[%emt
00:00:07]} 23. Rf8+ {[%clk 00:02:24]} {[%emt 00:00:13]} Rxf8 {[%clk 00:01:22]}
{[%emt 00:00:02]} 24. Qxf8+ {[%clk 00:02:25]} {[%emt 00:00:01]} Kc7 {[%clk
00:01:23]} 25. Qe7+ {[%clk 00:02:25]} {[%emt 00:00:02]} Kc8 {[%clk 00:01:23]}
{[%emt 00:00:02]} 26. Qe8+ {[%clk 00:01:59]} {[%emt 00:00:28]} Kc7 {[%clk
00:01:24]} {[%emt 00:00:02]} 27. Qd7+ {[%clk 00:01:44]} {[%emt 00:00:16]} Kb8
{[%clk 00:01:24]} {[%emt 00:00:02]} 28. Qd8+ {[%clk 00:01:38]} {[%emt
00:00:08]} Qxd8 {[%clk 00:01:23]} {[%emt 00:00:03]} 29. Rxd8+ {[%clk 00:01:39]}
Ka7 {[%clk 00:01:23]} {[%emt 00:00:02]} 30. Rxa8+ {[%clk 00:01:39]} {[%emt
00:00:02]} Kxa8 {[%clk 00:01:22]} {[%emt 00:00:03]} 31. bxc3 {[%clk 00:01:38]}
{[%emt 00:00:03]} Ka7 {[%clk 00:01:20]} {[%emt 00:00:03]} 32. Bd7 {[%clk
00:01:39]} Kb6 {[%clk 00:01:21]} {[%emt 00:00:02]} 33. Bf5 {[%clk 00:01:40]}
{[%emt 00:00:01]} h6 {[%clk 00:01:23]} {[%emt 00:00:01]} 34. c4 {[%clk
00:01:41]} Kc5 {[%clk 00:01:23]} 35. Bc8 {[%clk 00:01:39]} {[%emt 00:00:05]}
Kb6 {[%clk 00:01:23]} {[%emt 00:00:02]} 36. Kg2 {[%clk 00:01:34]} {[%emt
00:00:08]} Kc7 {[%clk 00:01:24]} 37. Bf5 {[%clk 00:01:30]} {[%emt 00:00:05]} a5
{[%clk 00:01:24]} {[%emt 00:00:02]} 38. c3 {[%clk 00:01:31]} {[%emt 00:00:01]}
Kc6 {[%clk 00:01:25]} 39. Bc2 {[%clk 00:01:32]} {[%emt 00:00:01]} Kc5 {[%clk
00:01:26]} {[%emt 00:00:02]} 40. Kf3 {[%clk 00:01:33]} Kxc4 {[%clk 00:01:26]}
{[%emt 00:00:02]} 41. Bb3+ {[%clk 00:01:31]} {[%emt 00:00:05]} Kxc3 {[%clk
00:01:27]} {[%emt 00:00:01]} 42. Kf4 {[%clk 00:01:32]} b5 {[%clk 00:01:28]}
{[%emt 00:00:01]} 43. Kf5 {[%clk 00:01:32]} {[%emt 00:00:02]} a4 {[%clk
00:01:28]} {[%emt 00:00:01]} 44. Be6 {[%clk 00:01:31]} {[%emt 00:00:04]} b4
{[%clk 00:01:29]} 45. Kg6 {[%clk 00:01:25]} {[%emt 00:00:09]} b3 {[%clk
00:01:13]} {[%emt 00:00:17]} 46. axb3 {[%clk 00:01:26]} {[%emt 00:00:01]} a3
{[%clk 00:01:12]} {[%emt 00:00:03]} 47. b4 {[%clk 00:01:27]} Kb2 {[%clk
00:01:13]} {[%emt 00:00:01]} 48. Kxg7 {[%clk 00:01:28]} {[%emt 00:00:02]} a2
{[%clk 00:01:14]} {[%emt 00:00:01]} 49. Bxa2 {[%clk 00:01:25]} {[%emt
00:00:02]} 1-0

[Event "Turniej Blitza na II Lidze Juniorów 2018"]
[Site "Szczyrk, Poland"]
[Date "????.??.??"]
[Round "8.17"]
[White "Niedbala, Bartlomiej"]
[Black "Twardowski, Hubert"]
[Result "1-0"]
[TimeControl "3'+2\""]
[WhiteElo "1961"]
[BlackElo "1542"]

1. e4 {[%clk 00:03:03]} {[%emt 00:00:01]} d6 {[%clk 00:03:02]} {[%emt
00:00:02]} 2. f4 {[%emt 00:00:06]} e5 {[%clk 00:03:00]} 3. Nf3 {[%clk
00:03:03]} {[%emt 00:00:01]} Bg4 {[%clk 00:03:00]} {[%emt 00:00:02]} 4. Bc4
{[%clk 00:03:03]} {[%emt 00:00:01]} Be7 {[%clk 00:02:45]} {[%emt 00:00:18]} 5.
O-O {[%clk 00:03:00]} {[%emt 00:00:04]} Nf6 {[%clk 00:02:41]} {[%emt 00:00:07]}
6. fxe5 {[%clk 00:02:38]} {[%emt 00:00:23]} dxe5 {[%clk 00:02:42]} 7. Bxf7+
{[%clk 00:02:05]} {[%emt 00:00:36]} Kf8 {[%clk 00:02:09]} {[%emt 00:00:36]} 8.
Bb3 {[%clk 00:01:51]} {[%emt 00:00:15]} Nc6 {[%clk 00:02:10]} {[%emt 00:00:02]}
9. c3 {[%clk 00:01:42]} {[%emt 00:00:11]} h5 {[%clk 00:01:51]} {[%emt
00:00:21]} 10. h3 {[%clk 00:01:34]} {[%emt 00:00:10]} Bd7 {[%clk 00:01:47]}
{[%emt 00:00:06]} 11. d4 {[%clk 00:01:31]} {[%emt 00:00:04]} Bd6 {[%clk
00:01:42]} {[%emt 00:00:08]} 12. Bg5 {[%clk 00:01:26]} {[%emt 00:00:06]} Ke7
{[%clk 00:01:42]} {[%emt 00:00:03]} 13. dxe5 {[%clk 00:01:14]} {[%emt
00:00:14]} Nxe5 {[%clk 00:01:42]} {[%emt 00:00:02]} 14. Nxe5 {[%clk 00:01:14]}
{[%emt 00:00:03]} Bxe5 {[%clk 00:01:40]} {[%emt 00:00:04]} 15. Qd5 {[%clk
00:01:14]} {[%emt 00:00:01]} Bg3 {[%clk 00:00:26]} {[%emt 00:01:16]} 16. Qf7+
{[%clk 00:00:59]} {[%emt 00:00:18]} Kd6 {[%clk 00:00:25]} 17. Bxf6 {[%clk
00:00:59]} {[%emt 00:00:03]} gxf6 {[%clk 00:00:25]} {[%emt 00:00:03]} 18. Rxf6+
{[%clk 00:00:59]} {[%emt 00:00:01]} Ke5 {[%clk 00:00:14]} {[%emt 00:00:14]} 19.
Re6+ {[%clk 00:00:48]} {[%emt 00:00:12]} Bxe6 {[%clk 00:00:07]} {[%emt
00:00:10]} 20. Qxe6+ {[%clk 00:00:48]} {[%emt 00:00:02]} Kf4 {[%clk 00:00:07]}
21. Qf5+ {[%clk 00:00:49]} {[%emt 00:00:02]} Ke3 {[%clk 00:00:08]} {[%emt
00:00:01]} 22. Qf3# {[%clk 00:00:49]} {[%emt 00:00:01]} 1-0

[Event "Turniej Blitza na II Lidze Juniorów 2018"]
[Site "Szczyrk, Poland"]
[Date "????.??.??"]
[Round "8.15"]
[White "Grzesik, Gracjan"]
[Black "Meers, Hubert"]
[Result "1-0"]
[TimeControl "3'+2\""]
[WhiteElo "1832"]
[BlackElo "1549"]

1. c4 {[%clk 00:03:02]} Nf6 {[%clk 00:03:03]} {[%emt 00:00:02]} 2. Nc3 {[%clk
00:03:04]} g6 {[%clk 00:03:04]} 3. g3 {[%clk 00:03:05]} {[%emt 00:00:01]} Bg7
{[%clk 00:03:06]} 4. Bg2 {[%clk 00:03:06]} {[%emt 00:00:01]} O-O {[%clk
00:03:06]} {[%emt 00:00:01]} 5. Nf3 {[%clk 00:03:07]} d6 {[%clk 00:03:07]}
{[%emt 00:00:01]} 6. O-O {[%clk 00:03:07]} {[%emt 00:00:02]} e5 {[%clk
00:03:06]} {[%emt 00:00:02]} 7. d4 {[%clk 00:03:04]} {[%emt 00:00:06]} e4
{[%clk 00:03:05]} {[%emt 00:00:04]} 8. Ng5 {[%clk 00:02:58]} {[%emt 00:00:06]}
Bf5 {[%clk 00:03:01]} {[%emt 00:00:07]} 9. Ngxe4 {[%clk 00:02:57]} {[%emt
00:00:04]} Nxe4 10. Nxe4 {[%clk 00:02:57]} Re8 {[%clk 00:03:02]} 11. Nc3 {[%clk
00:02:54]} {[%emt 00:00:05]} Qf6 {[%clk 00:03:02]} {[%emt 00:00:03]} 12. Bxb7
{[%clk 00:02:46]} {[%emt 00:00:10]} Nd7 {[%clk 00:03:03]} {[%emt 00:00:01]} 13.
Bxa8 {[%clk 00:02:37]} {[%emt 00:00:11]} Rxa8 {[%clk 00:03:04]} 14. Nd5 {[%clk
00:02:18]} {[%emt 00:00:20]} Qd8 {[%clk 00:02:54]} {[%emt 00:00:12]} 15. b3
{[%clk 00:02:02]} {[%emt 00:00:18]} c6 {[%clk 00:02:54]} {[%emt 00:00:03]} 16.
Ne3 {[%clk 00:02:01]} {[%emt 00:00:03]} c5 {[%clk 00:02:54]} {[%emt 00:00:02]}
17. Bb2 {[%clk 00:02:02]} Be4 {[%clk 00:02:51]} {[%emt 00:00:05]} 18. f3 {[%clk
00:01:50]} {[%emt 00:00:14]} Bb7 {[%clk 00:02:52]} {[%emt 00:00:01]} 19. Qd2
{[%clk 00:01:37]} {[%emt 00:00:15]} Qf6 {[%clk 00:02:51]} {[%emt 00:00:03]} 20.
Ng4 {[%clk 00:01:29]} {[%emt 00:00:09]} Qe6 {[%clk 00:02:48]} {[%emt 00:00:05]}
21. d5 {[%clk 00:01:27]} {[%emt 00:00:05]} Qe7 {[%clk 00:02:47]} {[%emt
00:00:03]} 22. Bxg7 {[%clk 00:01:26]} {[%emt 00:00:03]} Kxg7 {[%clk 00:02:48]}
{[%emt 00:00:01]} 23. e4 {[%clk 00:01:23]} {[%emt 00:00:06]} Ne5 {[%clk
00:02:44]} {[%emt 00:00:05]} 24. Nxe5 {[%clk 00:01:10]} {[%emt 00:00:15]} Qxe5
{[%clk 00:02:44]} {[%emt 00:00:02]} 25. Rac1 {[%clk 00:01:08]} {[%emt
00:00:04]} Re8 {[%clk 00:02:44]} {[%emt 00:00:02]} 26. Qc3 {[%clk 00:01:08]}
{[%emt 00:00:02]} f5 {[%clk 00:02:37]} {[%emt 00:00:09]} 27. Qxe5+ {[%clk
00:00:52]} {[%emt 00:00:18]} Rxe5 {[%clk 00:02:37]} {[%emt 00:00:02]} 28. exf5
{[%clk 00:00:53]} {[%emt 00:00:02]} Rxf5 {[%clk 00:02:36]} {[%emt 00:00:02]} 29.
f4 {[%clk 00:00:51]} {[%emt 00:00:04]} Rf7 {[%clk 00:02:36]} {[%emt 00:00:01]}
30. Rce1 {[%clk 00:00:47]} {[%emt 00:00:07]} Bc8 {[%clk 00:02:38]} {[%emt
00:00:01]} 31. Re8 {[%clk 00:00:43]} {[%emt 00:00:05]} Bd7 {[%clk 00:02:39]}
{[%emt 00:00:01]} 32. Re3 {[%clk 00:00:40]} {[%emt 00:00:05]} Kf8 {[%clk
00:02:28]} {[%emt 00:00:13]} 33. Rfe1 {[%clk 00:00:41]} h5 {[%clk 00:02:28]}
{[%emt 00:00:02]} 34. a3 {[%clk 00:00:41]} {[%emt 00:00:03]} a5 {[%clk
00:02:29]} {[%emt 00:00:01]} 35. Rb1 {[%clk 00:00:36]} {[%emt 00:00:06]} Bf5
{[%clk 00:02:28]} {[%emt 00:00:03]} 36. Rbe1 {[%clk 00:00:31]} {[%emt
00:00:06]} Bd7 {[%clk 00:02:29]} {[%emt 00:00:02]} 37. b4 {[%clk 00:00:26]}
{[%emt 00:00:07]} axb4 {[%clk 00:02:30]} {[%emt 00:00:01]} 38. axb4 {[%clk
00:00:27]} cxb4 {[%clk 00:02:31]} {[%emt 00:00:01]} 39. Rb3 {[%clk 00:00:27]}
{[%emt 00:00:01]} Bf5 {[%clk 00:02:26]} {[%emt 00:00:08]} 40. Rxb4 {[%clk
00:00:28]} {[%emt 00:00:02]} Rc7 {[%clk 00:02:23]} {[%emt 00:00:03]} 41. Kf2
{[%clk 00:00:24]} {[%emt 00:00:07]} Bd3 {[%clk 00:02:23]} {[%emt 00:00:02]} 42.
Ke3 {[%clk 00:00:19]} {[%emt 00:00:07]} Bf5 {[%clk 00:02:22]} {[%emt 00:00:03]}
43. Kd4 {[%clk 00:00:19]} {[%emt 00:00:02]} Kf7 {[%clk 00:02:21]} {[%emt
00:00:02]} 44. Rb6 {[%clk 00:00:18]} {[%emt 00:00:04]} Rd7 {[%clk 00:02:15]}
{[%emt 00:00:08]} 45. c5 {[%clk 00:00:17]} {[%emt 00:00:03]} dxc5+ {[%clk
00:02:14]} {[%emt 00:00:04]} 46. Kxc5 {[%clk 00:00:18]} Rd8 {[%clk 00:02:10]}
{[%emt 00:00:05]} 47. d6 {[%clk 00:00:16]} {[%emt 00:00:04]} Be6 {[%clk
00:02:11]} 48. Rb7+ {[%clk 00:00:16]} {[%emt 00:00:02]} Kf6 {[%clk 00:02:10]}
{[%emt 00:00:03]} 49. Kc6 {[%clk 00:00:11]} {[%emt 00:00:07]} Rc8+ {[%clk
00:02:08]} {[%emt 00:00:04]} 50. Rc7 {[%clk 00:00:12]} {[%emt 00:00:02]} Rd8
{[%clk 00:02:09]} 51. d7 {[%clk 00:00:09]} {[%emt 00:00:05]} g5 {[%clk
00:02:07]} {[%emt 00:00:05]} 52. fxg5 {[%clk 00:00:10]} Kf5 {[%clk 00:02:07]}
{[%emt 00:00:01]} 53. g6 {[%clk 00:00:08]} {[%emt 00:00:04]} h4 {[%clk
00:02:05]} {[%emt 00:00:04]} 54. gxh4 {[%clk 00:00:08]} {[%emt 00:00:02]} Bg8
{[%clk 00:02:05]} {[%emt 00:00:02]} 55. h5 {[%clk 00:00:09]} {[%emt 00:00:02]}
Kf6 {[%clk 00:02:06]} 56. Re8 {[%clk 00:00:09]} {[%emt 00:00:01]} Kg7 {[%clk
00:01:47]} {[%emt 00:00:21]} 57. Rxd8 {[%clk 00:00:10]} {[%emt 00:00:01]} Be6
{[%clk 00:01:45]} {[%emt 00:00:04]} 58. Rg8+ {[%clk 00:00:09]} {[%emt
00:00:04]} Kh6 {[%clk 00:01:43]} {[%emt 00:00:04]} 59. Rh8 {[%clk 00:00:08]}
{[%emt 00:00:02]} Kg7 {[%clk 00:01:44]} 60. d8=Q+ {[%clk 00:00:09]} {[%emt
00:00:01]} 1-0

[Event "Turniej Blitza na II Lidze Juniorów 2018"]
[Site "Szczyrk, Poland"]
[Date "????.??.??"]
[Round "8.25"]
[White "Sadzikowski, Marian"]
[Black "Gazda, Dominik"]
[Result "0-1"]
[TimeControl "3'+2\""]
[WhiteElo "1706"]
[BlackElo "1400"]

1. e4 {[%clk 00:03:04]} {[%emt 00:00:29]} e5 {[%clk 00:03:02]} {[%emt
00:00:02]} 2. f4 {[%clk 00:03:05]} Qh4+ {[%clk 00:02:58]} {[%emt 00:00:06]} 3.
g3 {[%clk 00:03:03]} {[%emt 00:00:04]} Qe7 {[%clk 00:02:58]} {[%emt 00:00:03]}
4. f5 {[%clk 00:02:48]} {[%emt 00:00:16]} d5 {[%clk 00:02:55]} {[%emt
00:00:04]} 5. d3 {[%clk 00:02:47]} {[%emt 00:00:03]} Nf6 {[%clk 00:02:53]}
{[%emt 00:00:05]} 6. Bg2 {[%clk 00:02:41]} {[%emt 00:00:08]} dxe4 {[%clk
00:02:47]} {[%emt 00:00:07]} 7. dxe4 {[%clk 00:02:25]} {[%emt 00:00:19]} Nc6
{[%clk 00:02:46]} {[%emt 00:00:03]} 8. Nc3 {[%clk 00:02:21]} {[%emt 00:00:06]}
g6 {[%clk 00:02:41]} {[%emt 00:00:07]} 9. Nd5 {[%clk 00:01:59]} {[%emt
00:00:23]} Nxd5 10. exd5 {[%clk 00:01:59]} Nd4 {[%clk 00:02:40]} {[%emt
00:00:03]} 11. fxg6 {[%clk 00:01:45]} {[%emt 00:00:17]} hxg6 {[%clk 00:02:36]}
{[%emt 00:00:05]} 12. Nf3 {[%clk 00:01:39]} {[%emt 00:00:08]} Bf5 {[%clk
00:02:32]} {[%emt 00:00:06]} 13. Nxd4 {[%clk 00:01:34]} {[%emt 00:00:08]} exd4+
{[%clk 00:02:32]} {[%emt 00:00:01]} 14. Qe2 {[%clk 00:01:29]} {[%emt 00:00:07]}
Qxe2+ {[%clk 00:02:32]} {[%emt 00:00:02]} 15. Kxe2 {[%clk 00:01:31]} Bxc2
{[%clk 00:02:33]} {[%emt 00:00:02]} 16. Bg5 {[%clk 00:01:13]} {[%emt 00:00:20]}
d3+ {[%clk 00:02:34]} 17. Kf2 {[%clk 00:00:59]} {[%emt 00:00:15]} Bc5+ {[%clk
00:02:34]} {[%emt 00:00:02]} 18. Kf3 {[%clk 00:00:57]} {[%emt 00:00:05]} O-O
{[%clk 00:02:22]} {[%emt 00:00:14]} 19. Bd2 {[%clk 00:00:51]} {[%emt 00:00:08]}
Rad8 {[%clk 00:02:14]} {[%emt 00:00:10]} 20. Kg4 {[%clk 00:00:46]} {[%emt
00:00:06]} Rfe8 {[%clk 00:01:49]} {[%emt 00:00:26]} 21. Rae1 {[%clk 00:00:46]}
{[%emt 00:00:03]} Re2 {[%clk 00:01:46]} {[%emt 00:00:05]} 22. Rxe2 {[%clk
00:00:41]} {[%emt 00:00:07]} dxe2 {[%clk 00:01:47]} {[%emt 00:00:01]} 23. Re1
{[%clk 00:00:26]} {[%emt 00:00:16]} Re8 {[%clk 00:01:42]} {[%emt 00:00:08]} 24.
Bf3 {[%clk 00:00:19]} {[%emt 00:00:09]} Bf5+ {[%clk 00:01:43]} {[%emt
00:00:01]} 25. Kg5 {[%clk 00:00:13]} {[%emt 00:00:08]} Kg7 {[%clk 00:01:22]}
{[%emt 00:00:23]} 26. Bxe2 {[%clk 00:03:02]} {[%emt 00:00:14]} 0-1

[Event "Turniej Blitza na II Lidze Juniorów 2018"]
[Site "Szczyrk, Poland"]
[Date "????.??.??"]
[Round "8.12"]
[White "Krzyzosiak, Anna"]
[Black "Lorenc, Marian"]
[Result "0-1"]
[TimeControl "3'+2\""]
[WhiteElo "1596"]
[BlackElo "1845"]

1. e4 {[%clk 00:03:03]} e5 {[%clk 00:03:02]} {[%emt 00:00:02]} 2. Nf3 {[%clk
00:03:04]} {[%emt 00:00:01]} Nc6 {[%clk 00:03:03]} {[%emt 00:00:02]} 3. Bc4
{[%clk 00:03:05]} {[%emt 00:00:01]} Bc5 {[%clk 00:03:01]} {[%emt 00:00:03]} 4.
O-O {[%clk 00:03:06]} {[%emt 00:00:02]} Nf6 {[%clk 00:03:00]} {[%emt 00:00:03]}
5. d3 {[%clk 00:03:07]} {[%emt 00:00:01]} O-O {[%clk 00:02:57]} {[%emt
00:00:05]} 6. c3 {[%clk 00:03:07]} {[%emt 00:00:01]} d6 {[%clk 00:02:54]}
{[%emt 00:00:04]} 7. b4 {[%clk 00:03:08]} {[%emt 00:00:02]} Bb6 {[%clk
00:02:54]} {[%emt 00:00:02]} 8. a4 {[%clk 00:03:09]} {[%emt 00:00:01]} a6
{[%clk 00:02:52]} {[%emt 00:00:04]} 9. a5 {[%clk 00:03:09]} {[%emt 00:00:02]}
Ba7 {[%clk 00:02:53]} {[%emt 00:00:01]} 10. Be3 {[%clk 00:03:09]} {[%emt
00:00:02]} Be6 {[%clk 00:02:40]} {[%emt 00:00:15]} 11. Nbd2 {[%clk 00:03:08]}
{[%emt 00:00:04]} d5 {[%clk 00:02:21]} {[%emt 00:00:20]} 12. exd5 {[%clk
00:03:05]} {[%emt 00:00:05]} Nxd5 {[%clk 00:02:22]} {[%emt 00:00:01]} 13. Bxa7
{[%clk 00:02:57]} {[%emt 00:00:11]} Rxa7 {[%clk 00:02:21]} {[%emt 00:00:02]} 14.
Rc1 {[%clk 00:02:42]} {[%emt 00:00:18]} Nf4 {[%clk 00:02:14]} {[%emt 00:00:08]}
15. Ne4 {[%clk 00:02:05]} {[%emt 00:00:39]} Bg4 {[%clk 00:01:52]} {[%emt
00:00:24]} 16. h3 {[%clk 00:01:55]} {[%emt 00:00:13]} Bh5 {[%clk 00:01:52]}
{[%emt 00:00:02]} 17. Ng3 {[%clk 00:01:51]} {[%emt 00:00:05]} Bg6 {[%clk
00:01:52]} {[%emt 00:00:02]} 18. d4 {[%clk 00:01:42]} {[%emt 00:00:11]} exd4
{[%clk 00:01:49]} {[%emt 00:00:05]} 19. Nxd4 {[%clk 00:01:42]} {[%emt
00:00:02]} Nxd4 {[%clk 00:01:43]} {[%emt 00:00:08]} 20. cxd4 {[%clk 00:01:39]}
{[%emt 00:00:05]} c6 {[%clk 00:01:38]} {[%emt 00:00:07]} 21. Re1 {[%clk
00:01:28]} {[%emt 00:00:13]} Ra8 {[%clk 00:01:28]} {[%emt 00:00:12]} 22. Qd2
{[%clk 00:01:27]} {[%emt 00:00:04]} Qg5 {[%clk 00:01:01]} {[%emt 00:00:28]} 23.
Re5 {[%clk 00:01:06]} {[%emt 00:00:24]} Nxh3+ {[%clk 00:01:00]} {[%emt
00:00:02]} 24. gxh3 {[%clk 00:01:02]} {[%emt 00:00:06]} Qxd2 {[%clk 00:01:01]}
{[%emt 00:00:02]} 25. Rce1 {[%clk 00:00:55]} {[%emt 00:00:09]} Qxd4 {[%clk
00:01:01]} {[%emt 00:00:02]} 26. Ba2 {[%clk 00:00:48]} {[%emt 00:00:10]} Qxb4
{[%clk 00:01:01]} {[%emt 00:00:01]} 27. Nh5 {[%clk 00:00:38]} {[%emt 00:00:12]}
Bxh5 {[%clk 00:00:56]} {[%emt 00:00:07]} 28. Rxh5 {[%clk 00:00:38]} {[%emt
00:00:02]} Qxe1+ {[%clk 00:00:57]} 29. Kg2 {[%clk 00:00:39]} {[%emt 00:00:02]}
Qe4+ {[%clk 00:00:53]} {[%emt 00:00:05]} 30. Kf1 {[%clk 00:00:27]} {[%emt
00:00:14]} Qh1+ {[%clk 00:00:47]} {[%emt 00:00:08]} 31. Ke2 {[%clk 00:00:28]}
{[%emt 00:00:02]} Rae8+ {[%clk 00:00:47]} {[%emt 00:00:01]} 32. Kd2 {[%clk
00:00:28]} {[%emt 00:00:02]} Qe1+ {[%clk 00:00:48]} {[%emt 00:00:01]} 33. Kc2
{[%clk 00:00:29]} {[%emt 00:00:02]} Re2+ {[%clk 00:00:48]} {[%emt 00:00:02]} 34.
Kb3 {[%clk 00:00:27]} {[%emt 00:00:04]} Qd1+ {[%clk 00:00:42]} {[%emt
00:00:07]} 35. Kc3 {[%clk 00:00:26]} {[%emt 00:00:03]} Rc2+ {[%clk 00:00:42]}
{[%emt 00:00:02]} 36. Kb4 {[%clk 00:00:26]} {[%emt 00:00:03]} Qxh5 {[%clk
00:00:37]} {[%emt 00:00:06]} 0-1